| 000 | 00720nam a2200241Ia 4500 | ||
|---|---|---|---|
| 003 | OSt | ||
| 005 | 20220928105035.0 | ||
| 006 | a|||||r|||| 00| 0 | ||
| 007 | ta | ||
| 008 | 220927b |||||||| |||| 00| 0 eng d | ||
| 024 | _a58775 | ||
| 037 | _cTextual | ||
| 040 |
_aSDCL _cSDCL _beng |
||
| 041 |
_2eng _aeng |
||
| 082 | _aR625x7,1,1, N0 | ||
| 100 |
_aBhattacharya Viswanathapan _9413425 |
||
| 245 | 0 | _aKarikavali siddhantmuktavali samvalita . | |
| 260 |
_aDelhi _bBharatiya Book Corporation _c1990 |
||
| 300 |
_a325p. _ccm. |
||
| 700 |
_a Singh Chandradhari Tr. _9413426 |
||
| 942 |
_hR625x7,1,1, N0 _cTEXL _2CC |
||
| 999 |
_c729194 _d729194 |
||